Pitas y alambre : (Record no. 4327)

000 -CABECERA
fixed length control field 00865nam a22002297a 4500
003 - IDENTIFICADOR DEL NÚMERO DE CONTROL
control field AR-CdUCM
008 - DATOS DE LONGITUD FIJA--INFORMACIÓN GENERAL
fixed length control field 190308b ||||| |||| 00| 0 spa d
040 ## - FUENTE DE LA CATALOGACIÓN
Agencia/entidad que catalogó originalmente la obra MUNICIPALIDAD PROVINCIAL DEL CUSCO
Entidad que transcribió la catalogación BIBLIOTECA MUNICIPAL DEL CUSCO
082 ## - NÚMERO DE LA CLASIFICACIÓN DECIMAL DEWEY
No. de Clasificación 791.4185 /
Notacion interna N94
100 ## - ENTRADA PRINCIPAL--NOMBRE DE PERSONA
Nombre Personal Nuñez Gorritti, Violeta
245 ## - MENCIÓN DE TÍTULO
Título Pitas y alambre :
Resto del título la época de oro del cine peruano 1963-1950 /
260 ## - PUBLICACIÓN, DISTRIBUCIÓN, ETC.
Lugar de publicación, distribución, etc. Lima :
Nombre de la editorial, distribuidor, etc. Camilo Blanco,
Fecha de publicación, distribución, etc. 1940.
300 ## - DESCRIPCIÓN FÍSICA
Nº de Páginas Extensión 276 páginas ;
Otros detalles físicos imágenes.
Dimensiones 20 cm.
440 ## - MENCIÓN DE SERIE/PUNTO DE ACCESO ADICIONAL--TÍTULO
Título Colección de arena
9 (RLIN) 13672
505 ## - NOTA DE CONTENIDO CON FORMATO
Nota de contenido formateada El cine en el Perú -- Los inicios del espectáculo cinematográfico -- La época de oro de 1936 - 1950 -- Producción de la época de oro...
650 ## - PUNTO DE ACCESO ADICIONAL DE MATERIA--TÉRMINO DE MATERIA
Descriptor Perú.
9 (RLIN) 35
650 ## - PUNTO DE ACCESO ADICIONAL DE MATERIA--TÉRMINO DE MATERIA
Descriptor Cine.
9 (RLIN) 13177
650 ## - PUNTO DE ACCESO ADICIONAL DE MATERIA--TÉRMINO DE MATERIA
Descriptor Época de oro.
9 (RLIN) 13673
650 ## - PUNTO DE ACCESO ADICIONAL DE MATERIA--TÉRMINO DE MATERIA
Descriptor Cinematográfica.
9 (RLIN) 13674
942 ## - ELEMENTOS DE PUNTO DE ACCESO ADICIONAL (KOHA)
Fuente de clasificación
Tipo de item Libros-BMC
945 ## - PROCESAMIENTO DE INFORMACIÓN LOCAL (OCLC)
Catalogador wfj
AAAA-MM-DD - Fecha de ingreso o modificacion 2019-03-08
Holdings
Estado de retiro (separado) Fuente de clasificación o esquema de estanterías Estado dañado Ubicación Sala donde se ubica Nombre de la colección Fecha de adquisición o compra Costo, precio normal en soles Signatura topográfica Código de Barras Última vez visto (Koha) Tipo de ítem (Koha)
No     Sala Artes Sala Artes Book Cart 2019-03-08 50.00 791.4185 / N94 SA0000000218 2019-03-08 Libros-BMC

Powered by Koha